LEADER 01202nam a2200253 i 4500 001 000000207843 003 CaOOAMICUS 005 20111107000000.0 008 111107s2009 it u000 u ita u 013 $a186626 020 $a978-81-7109-971-9 040 $aSeMil$bita 100 1 $aVellanickal, Matthew.$0(OLS)http://semarc/name/47879 245 10$aChurch :$bcommunion of individual churches : biblico-theological perspectives on the communion ecclesiology of Vatican II /$cMatthew Vellanickal. 260 $aBandra (Mumbai) :$bSt Pauls,$c2009. 300 $a349 p. ;$c22 cm. 500 $aCon dedica autografa dell'autore. 650 4$aConcilio Vaticano II <1962-1965> - Ecclesiologia.$0(OLS)http://semarc/subject/3017 850 $aSeMil 852 $aSeMil$W1$xVenegono$y1$m2B III 459$j158302$B158302$CSeMilBibl$Z2$F169648 $81 961 $aOmaggio: Bressan don Luca 996 $6020$a978-81-7109-971-9$9(OLS)http://semarc/number/202154 996 $6245$aChurch :$bcommunion of individual churches : biblico-theological perspectives on the communion ecclesiology of Vatican II$9(OLS)http://semarc/title/300556 996 $6260$aBandra (Mumbai) :$bSt Pauls$9(OLS)http://semarc/publisher/45354 LEADER 01033nam a2200241 4500 001 000000338183 003 CaOOAMICUS 005 20191126120901.0 008 191126s1938 it a 000 u ita r 040 $aSeMil$bita 100 1 $aRigutini, Giuseppe,$d<1829-1903>.$0(OLS)http://semarc/name/8045 245 10$aDizionario latino-italiano e italiano-latino /$cGiuseppe Rigutini, Pietro Di Lauro. 250 $a2. rist. corretta sulla edizione letteralmente rifatta e notevolmente accresciuta 264 3$aFirenze :$bBemporad & Figlio,$c1938. 300 $a679 p. :$bill. ;$c21 cm 541 1 $aFondo card. Giovanni Colombo 700 1 $aDi Lauro, Pietro.$0(OLS)http://semarc/name/110559 850 $aSeMil 852 $aSeMil$W1$xVenegono$y1$m3GC VII 252$j217868$B229465$CSeMilBibl$Z2$F229465 $8B 941 1 $a3 996 $6245$aDizionario latino-italiano e italiano-latino$9(OLS)http://semarc/title/427030 996 $6264$aFirenze :$bBemporad & Figlio$9(OLS)http://semarc/publisher/33856